Nové akridínové deriváty s DNA-väzbovou aktivitou a ich protinádorový potenciál

Uložené v:
Podrobná bibliografia
Hlavný autor: Podlesná, Jana
Médium: Kniha
Jazyk:Slovak
Vydavateľské údaje: Bratislava STU FCHPT 2007
On-line prístup:View in OPAC
Tagy: Pridať tag
Žiadne tagy, Buďte prvý, kto otaguje tento záznam!

MARC

LEADER 00000nam a2200000 a 4500
005 20260127134326.0
008 060607 2006 xo 000 0 slo d
035 |a vtls009008451 
039 9 |y 200707200929  |z mschk03 
040 |a STUSCHK1  |b slo  |c STUSCHK1  |e AACR2 
100 1 |a Podlesná, Jana 
245 1 |a Nové akridínové deriváty s DNA-väzbovou aktivitou a ich protinádorový potenciál  |c Jana Podlesná 
260 |a Bratislava  |b STU FCHPT  |c 2007 
300 |a 64 s.  |b obr.,tab.,grafy, lit.  |c 29 cm 
500 |a Obháj.: 7.6. 2007 
500 |a Špec.: Biomedicínske inžinierstvo, biochémia a mikrobiológia 
500 |a Ústav biochémie, výživy a ochrany zdravia 
910 |a SCHK95 
999 |c 9859  |d 9859